00546nam a2200181Ia 4500008004100000020001800041040001900059041001200078082002500090100001800115245008200133260004200215300001900257440003200276650001200308700001500320850002900335131103s9999 xx 000 0 und d a0 19 919061 5 aLoreto College aEnglish a907/GARbLCBED/11307 aGarvey, Brian aModels of history teaching in the secondary schoolcBrian Garvey & Mary Krung aOxfordbOxford University Pressc1989 a192p. c 20cm. aOxford studies in education aHistory aKrug, Mary aLCBED/907/GARKARUG, mARY